| 000 | 00361nam a2200133Ia 4500 | ||
|---|---|---|---|
| 008 | 240624s9999 xx 000 0 und d | ||
| 041 | _aeng | ||
| 082 | _a338.47615 JUN | ||
| 100 | _aPUIG JUNOY JAUME | ||
| 245 | _aPUBLIC FINANCING OF PHARMACEUTICALS AN E | ||
| 260 |
_c2005 _aUnited Kingdom _bEdward Elgar |
||
| 300 | _axiii, 255 p.; 23 cm. | ||
| 365 |
_cBPS _b30 |
||
| 999 |
_c30028 _d30028 |
||